Physics problems and how to solve them

Đã lưu trong:
Bibliografiske detaljer
Hovedforfatter: Bennett, Clarence E.
Format: Bog
Sprog:Undetermined
Udgivet: New York Barnes and Noble 1968
Fag:
Tags: Tilføj Tag
Ingen Tags, Vær først til at tagge denne postø!
Thư viện lưu trữ: Trung tâm Học liệu Trường Đại học Cần Thơ
LEADER 00559nam a2200193Ia 4500
001 CTU_149493
008 210402s9999 xx 000 0 und d
082 |a 530.076 
082 |b B471 
100 |a Bennett, Clarence E. 
245 0 |a Physics problems and how to solve them 
245 0 |c Clarence E Bennett 
260 |a New York 
260 |b Barnes and Noble 
260 |c 1968 
650 |a Physics,Vật lý học 
650 |x Problems, exercises,Bài tập 
904 |i Trọng Hải 
980 |a Trung tâm Học liệu Trường Đại học Cần Thơ